HOW TO ENJOY YOUR LIFE AND YOUR JOB (Record no. 5211)
[ view plain ]
| 000 -LEADER | |
|---|---|
| fixed length control field | 00279nam a22001217a 4500 |
| 082 ## - DEWEY DECIMAL CLASSIFICATION NUMBER | |
| Classification number | 158 |
| Item number | CAR/H |
| 100 ## - MAIN ENTRY--AUTHOR NAME | |
| Personal name | CARNEGIE,DALE |
| 245 ## - TITLE STATEMENT | |
| Title | HOW TO ENJOY YOUR LIFE AND YOUR JOB |
| 260 ## - PUBLICATION, DISTRIBUTION, ETC. (IMPRINT) | |
| Place of publication | UK |
| Name of publisher | POCKET BOOKS |
| 300 ## - PHYSICAL DESCRIPTION | |
| Number of Pages | 220 |
| 650 ## - SUBJECT ADDED ENTRY--TOPICAL TERM | |
| Topical Term | PERSONALITY DEVELOPMENT |
| Geographic subdivision | UK |
| 942 ## - ADDED ENTRY ELEMENTS (KOHA) | |
| Koha item type | Books |
| Withdrawn status | Lost status | Collection code | Home library | Current library | Shelving location | Date acquired | Source of acquisition | Full call number | Accession Number | Koha item type | Cost, normal purchase price |
|---|---|---|---|---|---|---|---|---|---|---|---|
| Reference | Main Library | Main Library | SHELF-17G-PERSONALITY DEVELOPMENT BOOKS | 13/05/2011 | PURCHASE | 158 CAR/H | 06064 | Books | |||
| Non-fiction | Main Library | Main Library | NEW SHELF WITH NEW ENTRY | 26/10/2023 | Purchase | 158 CAR/H | 13282 | Books | 149.00 |